Máy điện

Đã lưu trong:
書目詳細資料
格式: 圖書
標簽: 添加標簽
沒有標簽, 成為第一個標記此記錄!
Thư viện lưu trữ: Mạng thư viện Đại học Đà Nẵng
LEADER 00595nam a2200205 4500
001 000008121
003 4303
005 20150812140802.0
008 111014s sd
245 0 0 |a Máy điện  |c Trần Văn Chính 
774 |a Trần Văn Chính  |d Giáo dục  |d H.  |d 1997  |g T.1  |h 183 tr  |w 4307 
774 |a Trần Văn Chính  |d Giáo dục  |d H.  |d 1997  |g T.2  |h 187 tr  |w 4311 
OWN |a LSP 
999 |a From the UDN01 
TYP |a Monograph 
TYP |a Printed language 
980 |a Mạng thư viện Đại học Đà Nẵng